Le Pape Léon XIII - Statistiques

Statistiques générales
  • Ce quiz a été pris 27 fois
  • Le résultat moyen est 11 sur 15
Statistiques - réponses
Questions Réponses % Correct
Prédécesseur du Pape Léon XIII Pie IX
100%
Successeur du Pape Léon XIII Saint Pie X
100%
Régime politique français auquel selon ses détracteurs, Léon XIII se serait rallié par son encyclique "Au milieu des sollicitudes" (1892). L'accusation est aujourd'hui contestée. Léon XIII n'a jamais prononcé le mot de "ralliement" mais rappela que les catholiques devaient accepter les actuels types de gouvernements tout en combattant l'anticléricalisme des gouvernements. La République
79%
Rituel religieux destiné à expulser une entité spirituelle maléfique qui se serait emparée d'un être animé. Léon XIII publia une prière de ce type contre Satan et les anges apostats", en 1884. L'exorcisme
79%
Archange à qui s'adresse la prière précédente. Michel
79%
Né en 1810, le Pape Léon XIII est probablement le personnage dont la naissance est la plus ancienne, à jamais avoir été ____. C'était en 1896 dans les jardins du Vatican par Vittorio Calcina, le représentant des frères Lumière en Italie. Filmé
75%
Encyclique publiée le 15 mai 1891 par le Pape Léon XIII qui jeta les bases de la doctrine sociale de l'Église sur la relation entre patrons et ouvriers. Il y fustigea "la concentration [de l'industrie et du commerce], entre les mains de quelques-uns". Le titre latin de cette encyclique se traduit en français par "Des choses nouvelles". Rerum Novarum
75%
Anciens corps intermédiaires nés au Moyen-âge qui selon l'encyclique précédente, protégeaient les travailleurs. Le Pape regrettait que "le dernier siècle" les a détruits "sans rien leur substituer". Les corporations ouvrières
71%
Idéologie dont les adhérents, toujours selon cette encyclique de Léon XIII, poussent à la haine des pauvres contre les riches . Le socialisme
71%
Pape qui nomma Mgr Vincenzo Pecci, futur Léon XIII, légat pontifical, à 27 ans. Grégoire XVI
67%
Pays où Mgr Pecci, futur Léon XIII, est envoyé comme nonce apostolique, pays en proie à une "guerre scolaire" entre catholiques et libéraux, pays où il commença à s'intéresser aux rapports entre patrons et ouvriers. La Belgique
67%
Système juridique hérité de l'antiquité dans lequel des individus étaient la propriété de maîtres. Ce système n'avait pas encore disparu à l'époque de Léon XIII, notamment au Brésil ou à Zanzibar. Il condamna cette pratique dans son encyclique "In plurimis". L'esclavage
63%
Ville de Campanie, alors enclave des États pontificaux dans le royaume de Naples où le jeune prélat, futur Léon XIII mit fin au banditisme par des mesures énergiques. Benevent
50%
Grand saint du Ve siècle connu pour sa formule "une seule nature du Dieu Verbe incarnée" en opposition à la doctrine des Nestoriens qui disait que deux natures coexistait en Jésus Christ, l'une divine et l'autre humaine. Léon XIII l'a proclamé "docteur de l'Église" en 1882. Cyrille d'Alexandrie
50%
Persécution religieuse subie par les catholiques dans l'Allemagne de Bismarck entre 1871 et 1887 auquel Léon XIII mit fin par sa diplomatie offensive, obtenant le retour dans leurs paroisses des 1 500 prêtres expulsés. Le Kulturkampf ("combat pour la civilisation")
50%
Aucun quiz correspondant
Distribution des résultats
% des personnes avec chaque résultat
Percentile par nombre de réponses
Votre historique - résultats
Vous n’avez pas pris ce quiz